000 00515nam a2200157Ia 4500
999 _c53166
_d53166
003 GCL
005 20240530105112.0
008 140319s9999 xx 000 0 ara d
040 _aGCL /
_cGCL
082 0 4 _a184
_bإ م
100 1 _aاندرس ، جيرهارد
_eمحقق
245 1 0 _aمقتطفات عربية من كتاب برقلس الافلاطونى /
_cجيرهارد اندرس
260 _a[S.N] :
_bفرنكلين للطباعة ،
_c1973
490 _aنصوص ودراسات
_v0
942 _2ddc
_cBK